|
|
|
|
| LEADER |
02025cam a22003374a 4500 |
| 001 |
15267721 |
| 003 |
GR-PaULI |
| 005 |
20241204114838.0 |
| 008 |
080407s2007 it a b 001 0 fre c |
| 952 |
|
|
|0 0
|1 0
|2 ddc
|4 0
|6 709_021000000000000_4_ΠΑΠ
|7 0
|9 323488
|a LISP
|b LISP
|c BSC
|d 2021-02-11
|i 150892
|l 0
|o 709.021 4 ΠΑΠ
|p 025000277427
|r 2021-02-11 00:00:00
|t 1
|v 2021.00
|w 2021-02-11
|y BK15
|
| 999 |
|
|
|c 181851
|d 181851
|
| 010 |
|
|
|a 2008420310
|
| 020 |
|
|
|a 9789607743398
|
| 040 |
|
|
|a C3L
|c GR-PaULI
|b gre
|e AACR2
|
| 041 |
0 |
|
|a fre
|b gre
|
| 082 |
0 |
4 |
|2 23
|a 709.021 4
|
| 100 |
1 |
|
|a Παπασταύρου, Έλενα
|9 185300
|e συγγραφέας.
|
| 245 |
1 |
0 |
|a Recherche iconographique dans l'art byzantin et occidental du XIe au XVe siècle :
|b l' Annonciation /
|c Hélène Papastavrou ; préfaces Chryssa A. Maltézou, Tania Velmans.
|
| 246 |
1 |
5 |
|a Έρευνα στην εικονογραφία της Βυζαντινής και δυτικής τέχνης από τον 11ο έως τον 15ο αιώνα :
|b ο Ευαγγελισμός.
|
| 260 |
|
|
|a Venise :
|b Institut hellénique d'etudes byzantines et post-byzantines de Venise,
|c 2007.
|
| 300 |
|
|
|a 524 σ. :
|b εικ. ;
|c 24 εκ.
|
| 490 |
1 |
|
|a Bibliothèque de l'Institut hellénique d'études byzantines et post-byzantines de Venise
|v 25
|
| 500 |
|
|
|a Based on the author's thesis (doctoral--Université de Paris I: Panthéon-Sorbonne, 1994) under the title: La scène initiale de l'Incarnation à Byzance et dans l'art occitental, à la fin du moyen âge.
|
| 504 |
|
|
|a Περιλαμβάνει βιβλιογραφικές παραπομπές.
|
| 546 |
|
|
|a Greek summary.
|
| 600 |
|
0 |
|a Μαρία
|c Θεοτόκος
|9 78254
|
| 650 |
|
4 |
|a Τέχνη, Βυζαντινή
|9 1212
|
| 650 |
|
4 |
|a Τέχνη, Μεσαιωνική
|9 81386
|
| 830 |
|
|
|a Βιβλιοθήκη του Ελληνικού Ινστιτούτου Βυζαντινών και Μεταβυζαντινών Σπουδών Βενετίας
|9 166890
|
| 942 |
|
|
|2 ddc
|c BK15
|
| 998 |
|
|
|c ΜΠΟΥΡΑΣ
|d 2021-02
|